Femin isms/ (Record no. 42240)

MARC details
000 -LEADER
fixed length control field 00859nam a22002417a 4500
005 - DATE AND TIME OF LATEST TRANSACTION
control field 20180629123444.0
010 ## - LCCN (DPL NO)
LC control number 1718EN-30 ENG-116457 B-687290-291
020 ## - INTERNATIONAL STANDARD BOOK NUMBER
International Standard Book Number 9788125060734
Terms of availability 160.00
035 ## - SYSTEM CONTROL NUMBER
System control number EN-99989
035 ## - SYSTEM CONTROL NUMBER
System control number B-687290-291
037 ## - SOURCE OF ACQUISITION
Source of stock number/acquisition Uppal
037 ## - SOURCE OF ACQUISITION
Source of stock number/acquisition DBAD/PUB
082 ## - DEWEY DECIMAL CLASSIFICATION NUMBER
Classification number 305.420954
100 ## - MAIN ENTRY--PERSONAL NAME
Personal name Mukhopadhyay, Aprita
245 ## - TITLE STATEMENT
Title Femin isms/
Statement of responsibility, etc by Aprita Mukhopadhyay edited by Sumit Chakrabarti
260 ## - PUBLICATION, DISTRIBUTION, ETC. (IMPRINT)
Place of publication, distribution, etc New Delhi
Name of publisher, distributor, etc Orient Black Swan
Date of publication, distribution, etc 2016
270 ## - ADDRESS
Address 1/24 Asaf Ali Road
City New Delhi
Postal code 110002
300 ## - PHYSICAL DESCRIPTION
Extent vii,143p.
Dimensions 20cm (pbk)
500 ## - GENERAL NOTE
General note Includes index
700 ## - ADDED ENTRY--PERSONAL NAME
Personal name Chakrabarti,Sumit
942 ## - ADDED ENTRY ELEMENTS (KOHA)
Source of classification or shelving scheme Dewey Decimal Classification
Item type English Books
Classification part 305.420954
Call number suffix MUK
Holdings
Withdrawn status Lost status Not for loan Collection code Home library Current library Date acquired Source of acquisition Cost, normal purchase price Full call number Barcode Copy number Cost, replacement price Koha item type
      Non-fiction Ashok Vihar Ashok Vihar 29/06/2018 Uppal/14845/4.12.2017/691/20.11.2017/10.01.2018 160.00 305.420954 MUK B-687291 1 160.00 English Books
      Non-fiction Central Library Central Library 29/06/2018 Uppal/14845/4.12.2017/691/20.11.2017/10.01.2018 160.00 305.420954 MUK B-687290 1 160.00 English Books
    Not For Loan Non-fiction D.B.Act.Division Mobile Library 07/11/2016 DBAD/PUB 160.00 305.420954 MUK EN-99989 1 160.00 English Books

© Delhi Public Library
Hit Counter
free hit counter